000 00732nam a2200277Ia 4500
005 20260121125341.0
008 008 260114s9999 xx 000 0 eng d
020 _a9781785338076
037 _aEBOOK
040 _aCRL
040 _beng
040 _cCRL
041 _2eng
041 _aeng
084 _qCRL
100 _aGraf, Rudiger
_9991463
245 0 _aoil and Sovereignty: Petro-Knowledge and Energy Policy in the United States and Western Europe in the 1970s
260 _bWalter de Gruyter
260 _bWalter de Gruyter
260 _c2018
650 _aHistory
_9991464
856 _uhttp://www.degruyter.com/isbn/9781785338076
942 _cEBOOK
999 _c1561351
_d1561351